Normal view
MARC view
- Lawyers
Entry Topical Term
001 - CONTROL NUMBER
- control field: 85370
003 - CONTROL NUMBER IDENTIFIER
- control field: NUST
005 - DATE AND TIME OF LATEST TRANSACTION
- control field: 20211201093436.0
008 - FIXED-LENGTH DATA ELEMENTS
- fixed length control field: 211201|| aca||aabn | a|a d
040 ## - CATALOGING SOURCE
- Original cataloging agency: NUST
- Transcribing agency: NUST
150 ## - HEADING--TOPICAL TERM
- Topical term or geographic name entry element: Lawyers
- Geographic subdivision: Pakistan
- Form subdivision: Biography
670 ## - SOURCE DATA FOUND
- Source citation: Work cat.: (NUST)0: Sayeed, Mohammad Ali. 85369, Thoughts and expressions of a lawyer /, 2009.
